00409nam a22001457a 4500010001500000020002600015035001400041037001300055082000600068100002300074245004500097260004000142270005200182300002900234 aENG-118092 a9789380828312c295.00 aEN-101624 bDBAD/PUB aN aSrivastava, Anupam aThe brown sahebs /cby Anupam Srivastava aNew DelhibVitasta Publishingc2015 a2/15, Ansari Road, Daryaganj New Delhi - 110002 axvii, 302p.c22cm. (pbk)